000 00417nam a2200181Ia 4500
001 1207
005 20260306140615.0
008 260306t1996||||xx |||||||||||||| ||spa||
041 _aESP
082 _a189.2
_bF41
100 _aFernandez, Clemente
_eAUT
245 0 _aLos filósofos medievales
260 _c1996
300 _a753 páginas :
_cT. 1
650 _aGEN
654 _aCHU
942 _cLIB
_dJUS
_fJUS
_2ddc
_n
999 _c1207
_d1207